00333nam a2200133Ia 4500008004100000020001500041082000800056100002800064245001400092260004200106300001900148942001700167999001500184250803s9999 xx 000 0 und d a9991598448 aWAH a Binmaa Ibrahim Waheed 0aGan'dufen aMale MaldivesbNovelty Printersc2008 a96 p. ; 21 cm. iWAHcAD6WAH c4285d4285